Podpora kreativity vo vzdelávaní dizajnérov : Habilitačná práca /

Salvato in:
Dettagli Bibliografici
Autore principale: Haščák, Andrej (Autore)
Natura: Manoscritto Libro
Lingua:slovacco
Pubblicazione: Bratislava : Slovenská technická univerzita, Fakulta architektúry, 2013
Soggetti:
Tags: Aggiungi Tag
Nessun Tag, puoi essere il primo ad aggiungerne!!

MARC

LEADER 00000ntm a22000003a 4500
001 0116031
003 SK-STU
005 20250617154418.0
007 ta
008 250617s2025----xo-----f-mn---000-0-slo-d
040 |a STU  |b slo 
041 0 |a slo 
044 |a xo  |c SK 
100 1 |a Haščák, Andrej  |4 aut 
245 1 0 |a Podpora kreativity vo vzdelávaní dizajnérov :  |b Habilitačná práca /  |c aut. Andrej Haščák 
260 |a Bratislava :  |b Slovenská technická univerzita, Fakulta architektúry,  |c 2013 
300 |a 123 s.,  |b  + 2 príl. 41 s. 
650 0 7 |a vysokoškolská pedagogika 
650 0 7 |a dizajn 
650 0 7 |a vzdelávanie 
650 0 7 |a teória a tvorba dizajnu 
650 0 7 |a univerzálne navrhovanie 
650 0 7 |a univerzálny dizajn 
996 |b 284AU10447  |c A* 9147/V  |l AAKNST  |s P  |a 0  |w 0116031_0001